000 00895nam a22002417a 4500
001 3524
003 FISKH
005 20240315151609.0
008 240315b cb ||||| |||| 00| 0 eng d
040 _aFISK
_beng
_cFISK
_dFISK
050 _aPZ7.J72022
082 _a813.6
100 _aJones Jasmine
_d1989-
245 _aPicture this /
_cJasmine Jones
260 _aNew York :
_bDisney Enterprises, Inc,
_c2003
300 _a134 pages :
_billustrations,
_c20 cm
505 _aM
520 _aIt's picture day and Lizzie's parents have pressured her into wearing the unicorn sweater her grandmother gave her for Christmas. Lizzie knows it's dumb to care about what other people think, but she really doesn't want to be remembered as the Girl in the Unicorn Sweater either.
521 8 _aestimates,
_bLexiles
700 _aJasmine Jones
942 _2ddc
_cBK
_n0
999 _c3524
_d3524